[Event "Regionalliga NW 9798"]
[Site "Bayern"]
[Date "1998.??.??"]
[Round "?.4"]
[White "Neuberger, Dirk"]
[Black "Hutschenreuther, Udo"]
[Result "1/2-1/2"]
[WhiteElo "2035"]
[BlackElo "1960"]
[PlyCount "121"]
[EventDate "1997.10.??"]
[EventType "team-tourn"]
[EventRounds "9"]
[EventCountry "GER"]
[SourceTitle "EXT 2020"]
[Source "ChessBase"]
[SourceDate "2019.10.17"]
[SourceVersion "1"]
[SourceVersionDate "2019.10.17"]
[SourceQuality "1"]
[WhiteTeam "Klingenberg"]
[BlackTeam "Neustadt SV"]
[WhiteTeamCountry "GER"]
[BlackTeamCountry "GER"]

1. c4 Nf6 2. Nf3 c5 3. d4 cxd4 4. Nxd4 g6 5. Nc3 Bg7 6. e4 d6 7. Be2 Nc6 8. Nc2 Bd7 9. 0-0 0-0 10. Bg5 Rc8 11. Qd2 Ne5 12. b3 Bc6 13. f3 b6 14. Rac1 Kh8 15. Rfd1 Ned7 16. Nb4 Bb7 17. Ncd5 Re8 18. Kh1 Ng8 19. Bf1 Nf8 20. Be3 h6 21. Qf2 Nf6 22. Nxf6 exf6 23. Qd2 Kh7 24. Bf4 a5 25. Nc2 Qd7 26. Qxd6 Qe6 27. Nd4 Qxd6 28. Bxd6 Red8 29. Nb5 Ne6 30. Be2 Rd7 31. Bg3 Rcd8 32. Rxd7 Rxd7 33. Rd1 Rxd1+ 34. Bxd1 Bc6 35. Nd6 Bf8 36. Nxf7 Bc5 37. Nd6 Nd4 38. e5 f5 39. Be1 Kg8 40. Bc3 Ne6 41. Nb5 Kf8 42. g3 g5 43. Kg2 Ke7 44. Kf1 f4 45. g4 Bxb5 46. cxb5 Nd4 47. Be2 Ke6 48. Ke1 Kxe5 49. Bxd4+ Kxd4 50. Bc4 a4 51. Kd2 a3 52. Kc2 Bb4 53. Be6 Ke3 54. Bd5 Bf8 55. h3 Bg7 56. Be4 Kf2 57. Kd1 Kg3 58. Ke2 Kxh3 59. Bg6 Kg3 60. Bh5 Bf8 61. Be8 1/2-1/2